20 Most Streamed Songs from 2002 on Spotify - Statistics

General Stats
  • This quiz has been taken 154 times
  • The average score is 12 of 20
Answer Stats
Artist Song % Correct
Coldplay The Scientist
90%
Coldplay Clocks
90%
Eminem Till I Collapse
89%
Eminem Without Me
89%
Eminem Superman
89%
Eminem Sing For The Moment
89%
Eminem Cleanin' Out My Closet
89%
Avril Lavigne Complicated
86%
Avril Lavigne Sk8er Boi
86%
Nelly Dilemma
66%
Nelly Hot In Herre
66%
Red Hot Chili Peppers Can't Stop
52%
Red Hot Chili Peppers By The Way
52%
Vanessa Carlton A Thousand Miles
51%
Ashanti Foolish
30%
Enrique Iglesias Hero
27%
Fat Joe What's Luv?
20%
Norah Jones Don't Know Why
19%
The Calling Wherever You Will Go
19%
Ja Rule Always On Time
16%
No matching quizzes found
Score Distribution
Percent of People with Each Score
Percentile by Number Answered
Your Score History
You have not taken this quiz